[Event "EU-ch (Women) 24th"]
[Site "Rhodes"]
[Date "2024.04.27"]
[Round "8"]
[White "Kakulidis, Ellen"]
[Black "Gajcin, Jasmina"]
[Result "1/2-1/2"]
[WhiteElo "2062"]
[BlackElo "1908"]
[PlyCount "104"]
[EventDate "2024.04.19"]
[EventType "swiss"]
[EventRounds "10"]
[EventCountry "GRE"]
[SourceTitle "CB18_2024"]
[SourceDate "2024.05.01"]
[SourceVersion "1"]
[SourceVersionDate "2024.05.01"]
[SourceQuality "2"]

1. d4 Nf6 2. c4 g6 3. g3 c6 4. Nf3 d5 5. Bg2 Bg7 6. 0-0 0-0 7. Nbd2 Bf5 8. b3 a5 9. Bb2 a4 10. Nh4 a3 11. Bc3 Be6 12. Rc1 Nbd7 13. Nhf3 Bf5 14. Ba1 Ne4 15. Nh4 Nxd2 16. Qxd2 Be6 17. e4 dxe4 18. Bxe4 Nf6 19. Bg2 Qd7 20. Nf3 Bh3 21. Rfe1 Bxg2 22. Kxg2 e6 23. Rcd1 b5 24. Bc3 Qb7 25. Bb4 Rfd8 26. Bc5 Nd7 27. Be7 Re8 28. Bd6 Nb6 29. c5 Nd5 30. b4 h5 31. Rb1 Ne7 32. Bxe7 Rxe7 33. Rb3 Rd7 34. Qe3 Rad8 35. Rd1 Rd5 36. Rxa3 e5 37. Rad3 exd4 38. Qd2 Qd7 39. Qc2 Qa7 40. h4 Bf6 41. Re1 Ra8 42. a3 Qd7 43. Re4 Kh7 44. Qe2 Rd8 45. Qd1 Ra8 46. Qe2 Rd8 47. Nd2 Ra8 48. Rf4 Rf5 49. Rxf5 Qxf5 50. Rf3 Qd5 51. Ne4 Be7 52. Kh2 Kg7 1/2-1/2

[Event "EU-ch (Women) 24th"]
[Site "Rhodes"]
[Date "2024.04.23"]
[Round "5"]
[White "Gajcin, Jasmina"]
[Black "Korinioti, Mirto"]
[Result "1-0"]
[WhiteElo "1908"]
[BlackElo "1457"]
[PlyCount "55"]
[EventDate "2024.04.19"]
[EventType "swiss"]
[EventRounds "10"]
[EventCountry "GRE"]
[SourceTitle "CB18_2024"]
[SourceDate "2024.05.01"]
[SourceVersion "1"]
[SourceVersionDate "2024.05.01"]
[SourceQuality "2"]

1. e4 c5 2. Nf3 e6 3. c4 Nc6 4. Nc3 Nge7 5. Be2 d5 6. exd5 exd5 7. d4 dxc4 8. d5 Na5 9. 0-0 Nf5 10. Ne5 Nd6 11. Qa4+ Bd7 12. Nxd7 Qxd7 13. Qxa5 b6 14. Qa4 Qxa4 15. Nxa4 Be7 16. Bf3 0-0 17. Bf4 Rad8 18. Nc3 Nf5 19. Rfe1 Rfe8 20. Nb5 Bf6 21. Rxe8+ Rxe8 22. d6 a6 23. d7 Rd8 24. Re1 Kf8 25. Nd6 Ne7 26. Bg4 b5 27. Nb7 Rb8 28. Bxb8 1-0

[Event "SRB-chT (Women)"]
[Site "Valjevo"]
[Date "2018.08.31"]
[Round "1.3"]
[White "Gajcin, Jasmina"]
[Black "Blagojevic, Tijana"]
[Result "0-1"]
[WhiteElo "1910"]
[BlackElo "2232"]
[PlyCount "56"]
[EventDate "2018.08.31"]
[EventType "team-tourn"]
[EventRounds "11"]
[EventCountry "SRB"]
[SourceTitle "CBM 186 Extra"]
[Source "ChessBase"]
[SourceDate "2018.08.24"]
[SourceVersion "1"]
[SourceVersionDate "2018.08.24"]
[SourceQuality "1"]
[WhiteTeam "Sombor (W)"]
[BlackTeam "Jelica PEP (W)"]
[WhiteTeamCountry "SRB"]
[BlackTeamCountry "SRB"]

1. e4 e5 2. Nf3 Nc6 3. Bc4 Bc5 4. c3 Nf6 5. d3 a6 6. 0-0 d6 7. Bb3 Ba7 8. Re1 Ng4 9. Re2 0-0 10. h3 Nf6 11. Nbd2 Re8 12. Nf1 Be6 13. Ng3 h6 14. d4 Bxb3 15. axb3 exd4 16. cxd4 d5 17. e5 Ne4 18. Nf5 f6 19. Bf4 fxe5 20. Nxe5 Qf6 21. g4 Nxd4 22. Nxd4 Qxf4 23. Nd3 Qf6 24. Nf5 Rad8 25. Qc2 c6 26. b4 g6 27. Nxh6+ Kg7 28. Qc1 Qf3 0-1

[Event "Vojvodina-chT (Women)"]
[Site "Kac"]
[Date "2016.10.22"]
[Round "3"]
[White "Gajcin, Jasmina"]
[Black "Milivojevic, Jasmina"]
[Result "1-0"]
[WhiteElo "1964"]
[BlackElo "1878"]
[PlyCount "51"]
[EventDate "2016.10.20"]
[EventType "team-tourn"]
[EventRounds "5"]
[EventCountry "SRB"]
[SourceTitle "EXT 2019"]
[Source "ChessBase"]
[SourceDate "2018.10.10"]
[SourceVersion "1"]
[SourceVersionDate "2018.10.10"]
[SourceQuality "1"]

1. e4 c5 2. Nf3 Nc6 3. Bb5 d6 4. Bxc6+ bxc6 5. 0-0 Bg4 6. e5 d5 7. d3 Bxf3 8. Qxf3 e6 9. Nc3 Ne7 10. b3 Qc7 11. Re1 Nf5 12. Na4 Be7 13. Ba3 Qa5 14. Qf4 g5 15. Qc1 h5 16. Rd1 g4 17. Qd2 Qc7 18. Bxc5 Bxc5 19. Nxc5 Qxe5 20. Re1 Qf6 21. Qf4 Qe7 22. b4 0-0 23. Qxf5 Qh4 24. Qf4 a5 25. Re5 Kh7 26. Nd7 1-0

[Event "SRB-ch U20 Girls"]
[Site "Knic"]
[Date "2015.08.14"]
[Round "5"]
[White "Gajcin, Marina"]
[Black "Gajcin, Jasmina"]
[Result "1-0"]
[WhiteElo "2149"]
[BlackElo "1870"]
[PlyCount "83"]
[EventDate "2015.08.11"]
[EventType "tourn"]
[EventRounds "9"]
[EventCountry "SRB"]
[SourceTitle "EXT 2016"]
[Source "ChessBase"]
[SourceDate "2015.10.08"]
[SourceVersion "1"]
[SourceVersionDate "2015.10.08"]
[SourceQuality "1"]

1. e4 c5 2. Nf3 Nc6 3. Bb5 a6 4. Bxc6 bxc6 5. 0-0 d6 6. h3 g6 7. Re1 Bg7 8. d3 e5 9. Bg5 Nf6 10. Qd2 0-0 11. Bh6 Qb6 12. b3 Be6 13. Na3 Rfd8 14. Bxg7 Kxg7 15. Nc4 Qb4 16. Qe3 Nh5 17. Kh2 Nf4 18. Ng5 h6 19. Nxe6+ Nxe6 20. g3 Qb7 21. f4 exf4 22. gxf4 Nd4 23. Rac1 Qe7 24. Rg1 Kh7 25. c3 Ne6 26. f5 Nc7 27. Qg3 Rg8 28. Qxd6 Qxd6+ 29. Nxd6 gxf5 30. Nxf5 Ne6 31. Ne7 Rgd8 32. Rcf1 Rxd3 33. Rxf7+ Kh8 34. Ng6+ Kg8 35. Ne5+ Ng5 36. h4 Rd2+ 37. Kh1 Re8 38. Rf5 Kg7 39. hxg5 hxg5 40. Rgxg5+ Kh6 41. Nf7+ Kh7 42. Rg1 1-0

[Event "SRB-ch U20 Girls"]
[Site "Knic"]
[Date "2015.08.13"]
[Round "4"]
[White "Gajcin, Jasmina"]
[Black "Milosevic, Jovana"]
[Result "1/2-1/2"]
[WhiteElo "1870"]
[BlackElo "2119"]
[PlyCount "63"]
[EventDate "2015.08.11"]
[EventType "tourn"]
[EventRounds "9"]
[EventCountry "SRB"]
[SourceTitle "EXT 2016"]
[Source "ChessBase"]
[SourceDate "2015.10.08"]
[SourceVersion "1"]
[SourceVersionDate "2015.10.08"]
[SourceQuality "1"]

1. e4 d6 2. d4 Nf6 3. Nc3 e5 4. Nf3 Nbd7 5. Bc4 Be7 6. 0-0 Nb6 7. Bb3 exd4 8. Qxd4 0-0 9. a4 a5 10. h3 Nfd7 11. Be3 Bf6 12. Qd2 Nc5 13. Bxc5 dxc5 14. Qe3 c4 15. Ba2 Bxc3 16. Qxc3 Nxa4 17. Qxc4 Nb6 18. Qc5 Nd7 19. Qe3 Qe7 20. Rad1 Nc5 21. Ng5 Ne6 22. Nf3 h6 23. Rfe1 Bd7 24. Bd5 Nc5 25. Ne5 Be6 26. Bxe6 Nxe6 27. Rd7 Qf6 28. Qg3 Nf4 29. Ng4 Qc6 30. Ne5 Qf6 31. Ng4 Qc6 32. Ne5 1/2-1/2

[Event "SRB-ch U20 Girls"]
[Site "Belgrade"]
[Date "2014.08.24"]
[Round "9"]
[White "Gajcin, Jasmina"]
[Black "Milosevic, Jovana"]
[Result "0-1"]
[WhiteElo "1825"]
[BlackElo "1980"]
[PlyCount "118"]
[EventDate "2014.08.17"]
[EventType "tourn"]
[EventRounds "9"]
[EventCountry "SRB"]
[SourceTitle "CBM 162 Extra"]
[Source "ChessBase"]
[SourceDate "2014.10.17"]
[SourceVersion "1"]
[SourceVersionDate "2014.10.17"]
[SourceQuality "1"]

1. e4 c5 2. Nf3 d6 3. Bb5+ Bd7 4. Bxd7+ Qxd7 5. c4 Nc6 6. Nc3 Nf6 7. d4 cxd4 8. Nxd4 g6 9. f3 Bg7 10. Be3 0-0 11. 0-0 Rfc8 12. b3 Qd8 13. Rf2 Qa5 14. Rc1 Qh5 15. Rd2 Bh6 16. Qe1 Ne5 17. Bxh6 Qxh6 18. Nd5 Nxd5 19. exd5 Qf4 20. Rcd1 a6 21. a4 Re8 22. Re2 Rac8 23. Re4 Qf6 24. Qe3 Nd7 25. Rf4 Qg5 26. Re4 Qf6 27. Rf4 Qg7 28. Re4 f5 29. Ne6 Qf6 30. Red4 Nf8 31. Nxf8 Rxf8 32. Re1 Rc7 33. Qd3 Qg7 34. Qd2 g5 35. Qe3 Qf6 36. Qe6+ Kg7 37. Qxf6+ Kxf6 38. Kf2 Rb8 39. b4 Rbc8 40. Rc1 b5 41. axb5 axb5 42. Ke3 bxc4 43. h4 h6 44. hxg5+ hxg5 45. g4 e5 46. dxe6 f4+ 47. Ke4 Kxe6 48. Rd5 c3 49. Rxg5 Rc4+ 50. Kd3 c2 51. Rh5 Rc3+ 52. Ke2 Re3+ 53. Kf2 Rcc3 54. b5 Rxf3+ 55. Ke2 Rfe3+ 56. Kd2 Red3+ 57. Ke2 f3+ 58. Ke1 f2+ 59. Kxf2 Rd1 0-1

[Event "SRB-ch U20 Girls"]
[Site "Belgrade"]
[Date "2014.08.22"]
[Round "6"]
[White "Tomin, Ksenija"]
[Black "Gajcin, Jasmina"]
[Result "1/2-1/2"]
[WhiteElo "2066"]
[BlackElo "1825"]
[PlyCount "57"]
[EventDate "2014.08.17"]
[EventType "tourn"]
[EventRounds "9"]
[EventCountry "SRB"]
[SourceTitle "CBM 162 Extra"]
[Source "ChessBase"]
[SourceDate "2014.10.17"]
[SourceVersion "1"]
[SourceVersionDate "2014.10.17"]
[SourceQuality "1"]

1. e4 c5 2. Nf3 Nc6 3. d4 cxd4 4. Nxd4 g6 5. c4 Bg7 6. Be3 Nf6 7. Nc3 0-0 8. Be2 d6 9. 0-0 Nxd4 10. Bxd4 Bd7 11. f3 Bc6 12. Qd2 a5 13. b3 Nd7 14. Rad1 Bxd4+ 15. Qxd4 Qb6 16. Qxb6 Nxb6 17. Nd5 Bxd5 18. exd5 Rfc8 19. a4 Nd7 20. Bd3 Nc5 21. Bc2 Kf8 22. f4 f5 23. Rfe1 Kf7 24. Kf2 h5 25. Kf3 h4 26. Rd2 Rh8 27. Rde2 Rae8 28. h3 Kf6 29. Re3 1/2-1/2

[Event "SRB-ch U18 Girls"]
[Site "Subotica"]
[Date "2014.04.21"]
[Round "7"]
[White "Gajcin, Jasmina"]
[Black "Litricin, Ivana"]
[Result "1-0"]
[WhiteElo "1875"]
[BlackElo "1527"]
[PlyCount "81"]
[EventDate "2014.04.17"]
[EventType "swiss"]
[EventRounds "9"]
[EventCountry "SRB"]
[SourceTitle "CBM 160 Extra"]
[Source "ChessBase"]
[SourceDate "2014.07.01"]
[SourceVersion "1"]
[SourceVersionDate "2014.07.01"]
[SourceQuality "1"]

1. e4 e6 2. d4 d5 3. e5 c5 4. c3 Nc6 5. Nf3 Qb6 6. a3 Nh6 7. b4 cxd4 8. cxd4 Nf5 9. Bb2 Bd7 10. Be2 Be7 11. 0-0 0-0 12. Kh1 Rac8 13. Nc3 a6 14. Rc1 Ncxd4 15. Nxd5 Rxc1 16. Nxb6 Rxd1 17. Bxd1 Nxf3 18. Nxd7 Rd8 19. Bxf3 Rxd7 20. Rd1 Rxd1+ 21. Bxd1 Bd8 22. Kg1 Ne7 23. Kf1 Nd5 24. g3 Kf8 25. Ke2 Ke7 26. Bc2 h6 27. Be4 Kd7 28. Kd3 Kc8 29. f4 Bb6 30. Bxd5 exd5 31. Bd4 Bc7 32. Bc5 Kd7 33. Bf8 g6 34. Bxh6 Kc6 35. a4 Bb6 36. Bg5 Bg1 37. h4 Bf2 38. g4 Be1 39. h5 gxh5 40. gxh5 Bxb4 41. h6 1-0

[Event "SRB-ch U16 Girls"]
[Site "Vrnjacka Banja"]
[Date "2013.05.06"]
[Round "9"]
[White "Gajcin, Jasmina"]
[Black "Petrovic, Tijana"]
[Result "0-1"]
[WhiteElo "1822"]
[BlackElo "1676"]
[PlyCount "91"]
[EventDate "2013.04.30"]
[EventType "swiss"]
[EventRounds "9"]
[EventCountry "SRB"]
[SourceTitle "CBM 154 Extra"]
[Source "ChessBase"]
[SourceDate "2013.06.25"]
[SourceVersion "2"]
[SourceVersionDate "2013.06.25"]
[SourceQuality "1"]

1. e4 c5 2. Nf3 d6 3. Bb5+ Bd7 4. Bxd7+ Qxd7 5. c4 Nf6 6. Nc3 Nc6 7. d4 cxd4 8. Nxd4 g6 9. f3 Bg7 10. Be3 0-0 11. 0-0 Rac8 12. b3 Ne5 13. Rf2 Qd8 14. Rd2 Qa5 15. Rc1 Nc6 16. Nde2 a6 17. a4 Nd7 18. Nd5 Rfe8 19. Rdc2 Qd8 20. b4 e6 21. Ndf4 Nxb4 22. Rd2 Bf8 23. c5 e5 24. Nd3 Nxd3 25. Rxd3 Re6 26. cxd6 Rxc1 27. Bxc1 Nc5 28. Rd5 Rxd6 29. Nc3 Ne6 30. Qb3 Qc7 31. Bb2 Nd4 32. Qd1 Rb6 33. Ba1 Rc6 34. Na2 Rc2 35. Qb1 Ne2+ 36. Kh1 Qc4 37. Bb2 Qb3 38. Qd1 Qxb2 39. Rd8 Qxa2 40. Rxf8+ Kxf8 41. Qd6+ Kg7 42. Qxe5+ Kh6 43. h4 Qb1+ 44. Kh2 Qg1+ 45. Kh3 Qh1+ 46. Kg4 0-1

[Event "SRB-ch U16 Girls"]
[Site "Vrnjacka Banja"]
[Date "2013.05.04"]
[Round "6"]
[White "Gajcin, Jasmina"]
[Black "Velikic, Adela"]
[Result "0-1"]
[WhiteElo "1822"]
[BlackElo "1985"]
[PlyCount "94"]
[EventDate "2013.04.30"]
[EventType "swiss"]
[EventRounds "9"]
[EventCountry "SRB"]
[SourceTitle "CBM 154 Extra"]
[Source "ChessBase"]
[SourceDate "2013.06.25"]
[SourceVersion "2"]
[SourceVersionDate "2013.06.25"]
[SourceQuality "1"]

1. e4 c5 2. Nf3 d6 3. Bb5+ Bd7 4. Bxd7+ Qxd7 5. c4 Nc6 6. Nc3 g6 7. d4 cxd4 8. Nxd4 Bg7 9. Be3 Nf6 10. f3 0-0 11. 0-0 Rac8 12. b3 Rfd8 13. Rf2 e6 14. Rd2 Qe7 15. Qe1 d5 16. exd5 exd5 17. Nxd5 Nxd5 18. cxd5 Nxd4 19. Bxd4 Qxe1+ 20. Rxe1 Rxd5 21. Be3 Rxd2 22. Bxd2 Bd4+ 23. Kf1 Rc2 24. Rd1 Rxa2 25. Bh6 Ra1 26. Rxa1 Bxa1 27. Be3 a6 28. Ke2 Kf8 29. Kd3 Ke7 30. Kc4 Kd6 31. Bc5+ Kc6 32. Be3 Bf6 33. Bf2 Be7 34. Be1 Bc5 35. Bc3 b5+ 36. Kd3 Kd5 37. h3 Bb6 38. b4 Bc7 39. g4 Bf4 40. Be1 f5 41. Bc3 Be5 42. Bd2 Bd4 43. Bf4 Bb6 44. Bd2 Ke5 45. f4+ Kd5 46. g5 Bc7 47. h4 Bd6 0-1